|
|
|
|
| LEADER |
00000nab a2200000 a 4500 |
| 001 |
vtls000799470 |
| 003 |
SK-MaSNL |
| 005 |
20260302155608.0 |
| 008 |
160322c2002 xo 0 slo |
| 015 |
|
|
|a SNBRB2002/07-21460
|
| 035 |
|
|
|a CLN000151125
|
| 040 |
|
|
|a SNKBUCL
|b slo
|c SNKBUCL
|e AACR2
|
| 041 |
0 |
|
|a slo
|
| 044 |
|
|
|a xo
|c SK
|
| 080 |
|
|
|a 792.071.2
|2 UDC-MRF-SK2
|
| 080 |
|
|
|a 791.44.071.2
|2 UDC-MRF-SK2
|
| 080 |
|
|
|a 929 Stanke, Richard
|2 UDC-MRF-SK2
|
| 100 |
1 |
|
|a Rýpal, Palo
|4 ain
|9 841301
|
| 245 |
1 |
0 |
|a Budem ruským mafiánom
|b Richard Stanke sa bojí len nad ...
|c [zhováral sa] Palo Rýpal
|
| 300 |
|
|
|b Fotogr.
|
| 600 |
1 |
7 |
|a Stanke, Richard,
|d 1967-
|2 snkbucl
|9 203471
|
| 655 |
|
7 |
|a články z novín a časopisov
|2 snkbucl
|9 267496
|
| 700 |
1 |
|
|a Stanke, Richard,
|d 1967-
|4 aut
|4 uin
|9 203471
|
| 773 |
0 |
|
|x 1335-4671
|t Národná obroda
|g Roč. 13, č. 137 (14.6.2002)
|
| 773 |
0 |
|
|x 1335-4671
|t [Príl.] Štýl
|g Roč. 6, s. IV
|
| 850 |
|
|
|a Slovenská národná knižnica v Martine
|
| 852 |
|
|
|a SNK
|b KIS3GCP
|
| 958 |
|
|
|a SK
|
| 958 |
|
|
|a BX
|
| 958 |
|
|
|a RBX
|
| 999 |
|
|
|c 1371981
|d 1373911
|